[Event "Gipuzkoa-ch"]
[Site "San Sebastian"]
[Date "2011.11.12"]
[Round "6"]
[White "Sanchez Ruesga, Hector"]
[Black "Galarza Cenzano, Inigo"]
[Result "0-1"]
[WhiteElo "1897"]
[BlackElo "2006"]
[PlyCount "88"]
[EventDate "2011.10.08"]
[EventType "swiss"]
[EventRounds "7"]
[EventCountry "ESP"]
[SourceTitle "EXT 2024"]
[Source "ChessBase"]
[SourceDate "2023.10.10"]
[SourceVersion "1"]
[SourceVersionDate "2023.10.10"]
[SourceQuality "1"]

1. d4 Nf6 2. Nf3 e6 3. g3 c5 4. Bg2 Nc6 5. 0-0 Qb6 6. e3 d5 7. b3 cxd4 8. exd4 Be7 9. c4 0-0 10. c5 Qd8 11. a3 a5 12. Nc3 b6 13. cxb6 Ba6 14. Re1 Qxb6 15. Na4 Qa7 16. Bb2 Rab8 17. Rc1 Qb7 18. Nd2 Nd7 19. f4 Bf6 20. Nf3 Rfc8 21. Re3 Na7 22. Rec3 Rxc3 23. Rxc3 Nb5 24. Rc2 Nd6 25. Nc5 Nxc5 26. dxc5 Bxb2 27. cxd6 Bxa3 28. Rc7 Qb6+ 29. Qd4 Bxd6 30. Qxb6 Rxb6 31. Ra7 h6 32. Bf1 Bxf1 33. Kxf1 Rxb3 34. Nd4 Rd3 35. Nc6 Rd2 36. Nd8 Rxh2 37. Nxf7 Rf2+ 38. Kxf2 Bc5+ 39. Ke2 Bxa7 40. Nd8 a4 41. Kd3 Bf2 42. g4 a3 43. Kc2 d4 44. Nc6 d3+ 0-1

[Event "San Sebastian Primavera de Gros 7th op"]
[Site "San Sebastian"]
[Date "2011.05.07"]
[Round "1.8"]
[White "Zuloaga Erauskin, Markel"]
[Black "Galarza Cenzano, Inigo"]
[Result "0-1"]
[WhiteElo "1655"]
[BlackElo "2027"]
[PlyCount "82"]
[EventDate "2011.05.07"]
[EventType "swiss"]
[EventRounds "7"]
[EventCountry "ESP"]
[SourceTitle "EXT 2024"]
[Source "ChessBase"]
[SourceDate "2023.10.10"]
[SourceVersion "1"]
[SourceVersionDate "2023.10.10"]
[SourceQuality "1"]

1. d4 Nf6 2. e3 c5 3. c3 b6 4. Bd3 Bb7 5. Nf3 e6 6. 0-0 Be7 7. Nbd2 d6 8. b3 Nbd7 9. Qc2 Rc8 10. Re1 Qc7 11. c4 0-0 12. Bb2 Rfe8 13. dxc5 Qxc5 14. Bxf6 Nxf6 15. Rac1 Qh5 16. Be2 Qh6 17. b4 Rc7 18. c5 dxc5 19. Bb5 Rec8 20. bxc5 Bxc5 21. Qb2 Qh5 22. e4 Bxf2+ 23. Kxf2 Rxc1 24. Rxc1 Rxc1 25. Qxc1 Qxb5 26. e5 Ng4+ 27. Kg3 h5 28. Qd1 Qd5 29. Qe2 Nh6 30. h3 Nf5+ 31. Kh2 h4 32. Qf2 Qxa2 33. Qe1 Qd5 34. Qf2 Qd3 35. Ne1 Qc3 36. Nef3 Qb4 37. Qe1 Qf4+ 38. Kg1 Ng3 39. Kf2 Qb4 40. Qd1 Qc5+ 41. Ke1 Qe3+ 0-1

[Event "Euskadi-chT (Vasca) Div 1st"]
[Site "Bergara"]
[Date "2011.02.26"]
[Round "8.3"]
[White "Marchena Hurtado, Ander"]
[Black "Galarza Cenzano, Inigo"]
[Result "0-1"]
[WhiteElo "1886"]
[BlackElo "2022"]
[PlyCount "44"]
[EventDate "2011.01.08"]
[EventType "team-tourn"]
[EventRounds "9"]
[EventCountry "ESP"]
[SourceTitle "EXT 2024"]
[Source "ChessBase"]
[SourceDate "2023.10.10"]
[SourceVersion "1"]
[SourceVersionDate "2023.10.10"]
[SourceQuality "1"]

1. e4 c5 2. Nf3 Nc6 3. d4 cxd4 4. Nxd4 e5 5. Nb5 a6 6. Nd6+ Bxd6 7. Qxd6 Qf6 8. Qxf6 Nxf6 9. Nc3 Nb4 10. Bd3 d5 11. Bg5 dxe4 12. Nxe4 Nxe4 13. Bxe4 f5 14. 0-0-0 Be6 15. Bxb7 Rb8 16. c3 Nxa2+ 17. Kc2 h6 18. Bh4 g5 19. Bd5 Ke7 20. Bg3 f4 21. Bxf4 Bf5+ 22. Kd2 Rxb2+ 0-1

[Event "Euskadi-chT (Vasca) Div 1st"]
[Site "Bergara"]
[Date "2011.02.05"]
[Round "5.4"]
[White "Zabala Perez, Aritz"]
[Black "Galarza Cenzano, Inigo"]
[Result "1/2-1/2"]
[WhiteElo "1932"]
[BlackElo "2022"]
[PlyCount "34"]
[EventDate "2011.01.08"]
[EventType "team-tourn"]
[EventRounds "9"]
[EventCountry "ESP"]
[SourceTitle "EXT 2024"]
[Source "ChessBase"]
[SourceDate "2023.10.10"]
[SourceVersion "1"]
[SourceVersionDate "2023.10.10"]
[SourceQuality "1"]

1. Nf3 Nf6 2. d4 e6 3. c4 Bb4+ 4. Bd2 Be7 5. g3 b6 6. Bg2 Bb7 7. 0-0 d6 8. Nc3 Nbd7 9. Qc2 0-0 10. e4 e5 11. Rfe1 c6 12. Rad1 Qc7 13. Bg5 h6 14. Be3 Rac8 15. h3 Rfd8 16. Nh4 Bf8 17. Nf5 Qb8 1/2-1/2

[Event "Euskadi-chT (Vasca) Div 1st"]
[Site "Bergara"]
[Date "2011.01.29"]
[Round "4.4"]
[White "Galarza Cenzano, Inigo"]
[Black "Ingunza Lopez, Txema"]
[Result "1/2-1/2"]
[WhiteElo "2022"]
[BlackElo "2002"]
[PlyCount "40"]
[EventDate "2011.01.08"]
[EventType "team-tourn"]
[EventRounds "9"]
[EventCountry "ESP"]
[SourceTitle "EXT 2024"]
[Source "ChessBase"]
[SourceDate "2023.10.10"]
[SourceVersion "1"]
[SourceVersionDate "2023.10.10"]
[SourceQuality "1"]

1. e4 c5 2. Nc3 Nc6 3. f4 g6 4. Nf3 Bg7 5. Bb5 Nd4 6. 0-0 Nxb5 7. Nxb5 a6 8. Nc3 e6 9. d3 Ne7 10. Qe1 0-0 11. Qh4 d5 12. f5 exf5 13. Bh6 fxe4 14. Ng5 Nf5 15. Rxf5 Bxf5 16. Bxg7 Kxg7 17. Qxh7+ Kf6 18. Qh4 Kg7 19. Qh7+ Kf6 20. Qh4 Kg7 1/2-1/2